Qual o time de cada estado da NBA? - Statistics

Estatísticas Gerais
  • Esse quiz foi jogado 623 vezes
    608 desde o último reset
  • A pontuação média é 19 de 30
Estatísticas das Respostas
% Correto
Califórnia Kings
90%
Califórnia Warriors
90%
Califórnia Lakers
90%
Califórnia Clippers
90%
Texas Mavericks
88%
Texas Rockets
88%
Texas Spurs
88%
Flórida Heat
83%
Flórida Magic
83%
Nova Iorque Knicks
74%
Nova Iorque Nets
74%
Utah Jazz
72%
Indiana Pacers
69%
Arizona Suns
67%
Ohio Cavaliers
67%
Oklahoma Thunder
66%
Colorado Nuggets
65%
Minnesota Timberwolves
63%
Illinois Bulls
58%
Pensilvânia 76ers
55%
Carolina do Norte Hornets
54%
Georgia Hawks
54%
Oregon Blazers
53%
Massachussets Celtics
51%
Michigan Pistons
47%
Wisconsin Bucks
43%
Louisiana Pelicans
32%
Ontário Raptors
28%
Tennesee Grizzlies
25%
Distrito de Columbia Wizards
10%
Nenhum quiz correspondente encontrado
Distribuição das Pontuações
Porcentagem de Pessoas com Cada Pontuação
Percentil de Números Respondidos
Sua Pontuação Histórica
Você não jogou esse quiz desde o último reset